The Contemporary world / (Record no. 69102)

MARC details
000 -LEADER
fixed length control field 01069nam a22003137a 4500
003 - CONTROL NUMBER IDENTIFIER
control field URS
005 - DATE AND TIME OF LATEST TRANSACTION
control field 20230323153120.0
008 - FIXED-LENGTH DATA ELEMENTS--GENERAL INFORMATION
fixed length control field 230323b |||||||| |||| 00| 0 eng d
020 ## - INTERNATIONAL STANDARD BOOK NUMBER
International Standard Book Number 978-971-821-888-4
040 ## - CATALOGING SOURCE
Language of cataloging English
Transcribing agency URS
Description conventions rda
050 ## - LIBRARY OF CONGRESS CALL NUMBER
Classification number JZ1318
Item number .C767a 2019
245 ## - TITLE STATEMENT
Title The Contemporary world /
Statement of responsibility, etc Alex V. Abelos...[and six others].
264 ## - PUBLICATION, DISTRIBUTION, ETC. (IMPRINT)
Place of publication, distribution, etc Malabon City :
Name of publisher, distributor, etc Mutya Publishing House, Incorported,
Date of publication, distribution, etc ©2019.
300 ## - PHYSICAL DESCRIPTION
Extent 211 pages ;
Dimensions 26 cm.
336 ## - CONTENT TYPE
Source rdacontent
Content type term text
Content type code txt
337 ## - MEDIA TYPE
Source rdamedia
Media type term unmediated
Media type code n
338 ## - CARRIER TYPE
Source rdacarrier
Carrier type term volume
Carrier type code nc
504 ## - BIBLIOGRAPHY, ETC. NOTE
Bibliography, etc Includes bibliographical references.
650 #0 - SUBJECT ADDED ENTRY--TOPICAL TERM
9 (RLIN) 61
Topical term or geographic name as entry element Globalization.
650 #0 - SUBJECT ADDED ENTRY--TOPICAL TERM
9 (RLIN) 62
Topical term or geographic name as entry element World economics.
700 ## - ADDED ENTRY--PERSONAL NAME
9 (RLIN) 857
Personal name Abelos, Alex V.,
Relator term author.
700 ## - ADDED ENTRY--PERSONAL NAME
9 (RLIN) 4330
Personal name Boca, Aldrin B.,
Relator term author.
700 ## - ADDED ENTRY--PERSONAL NAME
9 (RLIN) 4331
Personal name Trinidad, JLover F.,
Relator term author.
700 ## - ADDED ENTRY--PERSONAL NAME
9 (RLIN) 4332
Personal name Somera, Voltaire C.,
Relator term author.
700 ## - ADDED ENTRY--PERSONAL NAME
9 (RLIN) 4333
Personal name Bernal Jr., Hernando L.,
Relator term author.
700 ## - ADDED ENTRY--PERSONAL NAME
9 (RLIN) 4334
Personal name Macinas, Bernard R.,
Relator term author.
700 ## - ADDED ENTRY--PERSONAL NAME
9 (RLIN) 4335
Personal name Bacani, Ariel C.,
Relator term author.
942 ## - ADDED ENTRY ELEMENTS (KOHA)
Source of classification or shelving scheme Library of Congress Classification
Koha item type Filipiniana
Holdings
Withdrawn status Lost status Source of classification or shelving scheme Damaged status Not for loan Collection code Home library Current library Shelving location Date acquired Source of acquisition Total Checkouts Full call number Barcode Date last seen Copy number Koha item type
    Library of Congress Classification     Non-fiction Taytay College Library Taytay College Library Filipiniana Section 03/23/2023 Donation   JZ1318 .C767a 2019 URSTAY-5099 06/02/2025 1 Filipiniana

University of Rizal System
Email us at univlibservices@urs.edu.ph

Visit our Website www.urs.edu.ph/library